Getting Control: Overcoming Your Obsessions and Compulsions / (Record no. 616702)
[ view plain ]
| 000 -LEADER | |
|---|---|
| fixed length control field | 00399nam a22001337a 4500 |
| 027 ## - STANDARD TECHNICAL REPORT NUMBER | |
| Qualifying information | PB |
| 040 ## - CATALOGING SOURCE | |
| Transcribing agency | FIZZA ISHAQ |
| 082 ## - DEWEY DECIMAL CLASSIFICATION NUMBER | |
| Classification number | 616.85227 |
| Author Mark | BAE |
| 100 ## - MAIN ENTRY--PERSONAL NAME | |
| Personal name | Baer , Lee. |
| 9 (RLIN) | 133744 |
| 245 ## - TITLE STATEMENT | |
| Title | Getting Control: Overcoming Your Obsessions and Compulsions / |
| Statement of responsibility, etc. | Lee Baer. |
| 260 ## - PUBLICATION, DISTRIBUTION, ETC. | |
| Place of publication, distribution, etc. | New York: |
| Name of publisher, distributor, etc. | Penguin Publishing Group, |
| Date of publication, distribution, etc. | 1991. |
| 300 ## - PHYSICAL DESCRIPTION | |
| Extent | 258 P. ; |
| Dimensions | 5.31 x 0.65 x 8 inches |
| 942 ## - ADDED ENTRY ELEMENTS (KOHA) | |
| Source of classification or shelving scheme | |
| Koha item type | Book |
| Withdrawn status | Lost status | Source of classification or shelving scheme | Damaged status | Not for loan | Permanent Location | Current Location | Shelving location | Date acquired | Total Checkouts | Full call number | Barcode | Date last seen | Price effective from | Koha item type |
|---|---|---|---|---|---|---|---|---|---|---|---|---|---|---|
| NUST Baluchistan Campus (NBC) | NUST Baluchistan Campus (NBC) | General Stacks | 03/25/2026 | 616.85227 BAE | QD-710 | 03/25/2026 | 03/25/2026 | Book |
